Music Quiz

Random Music or Song Quiz

Rap Lyrics Quiz Stats

 Plays Quiz not verified by Sporcle

Challenge
Share
Tweet
Embed
Score 0/20 Timer 10:00
0 Plays Today
First Line Second Line % Correct
Last name, EverFirst name, Greatest
77.8%
You down with OPP?Yeah you know me
53.2%
With so much drama in the LBCIt's kinda hard being Snoop D-O-Double G
26.8%
A bass heavy medly, with a sample from the 70s, with a screwed up hook that saidStack that cheese
22.9%
It's like an AIDS test, what's the results? Not positive, who's the best? Pac, Nas and Big
19.2%
Escargot, My car go...160 swiftly
18.7%
Hey you, get off my cloudYou dont know me and you dont know my style
16.5%
Mad hoes, ask beavisI get nothing but head
13.1%
Shimmy shimmy ya shimmy yeah shimmy yayGive me the mic so I can take it away
10.1%
Stop dancing with your girlfriend and come dance with me, Stop talking bout your boyfriendCause he is not me
8.6%
First Line Second Line % Correct
Dear Mr. Toilet, I'm the S**T, Got these other haters pissed causeMy toilet paper thick
7.1%
Sawed off shotgun, hand on the pumpsippin on a 40, smokin on a blunt
5.9%
Drug Abusing Fourth GraderI mean a loaded nine
0.7%
hollywood, think he too good for us, n****s emo,He aint in the hood enough
0.7%
I probably popped Hoffa And just forgot where I tossed him
0.5%
Every rapper is a clapper, your producer is a shooter, You got a Mac in the boothTell the truth it's a computer
0.5%
Something something Something, Something I get weededMy daughter scribbled over that rhyme, I couldnt read it
0.2%
True protection sawed off selection Head your neck no longer connection
0.2%
You can’t tell me I never told yah boy You can’t rhyme You're **** Soulja Boy
0.2%
Me and Shady patched it up We bout to rebuild bitch
0.2%

You're not logged in!

Compare scores with friends on all Sporcle quizzes.
OR
Log In

You Might Also Like...

Show Comments

Extras

Top Quizzes Today


Score Distribution

Your Account Isn't Verified!

In order to create a playlist on Sporcle, you need to verify the email address you used during registration. Go to your Sporcle Settings to finish the process.

Report this User

Report this user for behavior that violates our Community Guidelines.

Details: